<?xml version='1.0' encoding='UTF-8'?>
  <record xmlns="http://www.loc.gov/MARC21/slim">
    <leader>00000cam a22000007i 4500</leader>
    <controlfield tag="001">ocm65395818</controlfield>
    <controlfield tag="003">OCoLC</controlfield>
    <controlfield tag="005">20251127171304.3</controlfield>
    <controlfield tag="008">900612s1797    fr            000 0 fre d</controlfield>
    <datafield tag="040" ind1=" " ind2=" ">
      <subfield code="a">NLGGC</subfield>
      <subfield code="b">dut</subfield>
      <subfield code="e">fobidrtb</subfield>
      <subfield code="c">NLGGC</subfield>
      <subfield code="d">OCLCO</subfield>
      <subfield code="d">OCLCL</subfield>
      <subfield code="d">OCLCQ</subfield>
    </datafield>
    <datafield tag="029" ind1="0" ind2=" ">
      <subfield code="a">NLGGC</subfield>
      <subfield code="b">062758985</subfield>
    </datafield>
    <datafield tag="035" ind1=" " ind2=" ">
      <subfield code="a">(OCoLC)65395818</subfield>
    </datafield>
    <datafield tag="100" ind1="1" ind2=" ">
      <subfield code="a">Chabert, Philibert,</subfield>
      <subfield code="d">1737-1814.</subfield>
      <subfield code="1">https://id.oclc.org/worldcat/entity/E39PBJjtfJKRbjYGMQ3VfqGT73</subfield>
    </datafield>
    <datafield tag="245" ind1="1" ind2="0">
      <subfield code="a">Instructions sur les moyens de s'assurer de l'existence de la morve, sur ceux propres à prévenir l'invasion de cette maladie, à en préserver les chevaux, et à désinfecter les écuries où elle a regné /</subfield>
      <subfield code="c">par P. Chabert et J. Huzard ; imprimées par ordre du Gouvernement.</subfield>
    </datafield>
    <datafield tag="250" ind1=" " ind2=" ">
      <subfield code="a">4me éd., à laquelle on a ajouté la dernière loi sur les maladies contagieuses.</subfield>
    </datafield>
    <datafield tag="260" ind1=" " ind2=" ">
      <subfield code="a">A Paris :</subfield>
      <subfield code="b">de l'Imprimerie et dans la Librairie Vétérinaire de M.-R. Huzard,</subfield>
      <subfield code="c">An V (1797)</subfield>
    </datafield>
    <datafield tag="300" ind1=" " ind2=" ">
      <subfield code="a">104 p. ;</subfield>
      <subfield code="c">in-8.</subfield>
    </datafield>
    <datafield tag="336" ind1=" " ind2=" ">
      <subfield code="a">tekst</subfield>
      <subfield code="b">txt</subfield>
      <subfield code="2">rdacontent/dut</subfield>
    </datafield>
    <datafield tag="337" ind1=" " ind2=" ">
      <subfield code="a">zonder medium</subfield>
      <subfield code="b">n</subfield>
      <subfield code="2">rdamedia/dut</subfield>
    </datafield>
    <datafield tag="338" ind1=" " ind2=" ">
      <subfield code="a">band</subfield>
      <subfield code="b">nc</subfield>
      <subfield code="2">rdacarrier/dut</subfield>
    </datafield>
    <datafield tag="700" ind1="1" ind2=" ">
      <subfield code="a">Huzard, Jean Baptiste,</subfield>
      <subfield code="d">1755-1838.</subfield>
      <subfield code="1">https://id.oclc.org/worldcat/entity/E39PBJhxkc4j3gg6qJkCVpbWXd</subfield>
    </datafield>
    <datafield tag="758" ind1=" " ind2=" ">
      <subfield code="a">Instructions sur les moyens de s'assurer de l'existence de la morve, sur ceux propres à prévenir l'invasion de cette maladie, à en préserver les chevaux, et à désinfecter les écuries où elle a regné (Text)</subfield>
      <subfield code="1">https://id.oclc.org/worldcat/entity/E39PCGqXgpy3kJGMJjFD7hGm3P</subfield>
      <subfield code="4">https://id.oclc.org/worldcat/ontology/hasWork</subfield>
    </datafield>
    <datafield tag="936" ind1=" " ind2=" ">
      <subfield code="a">BATCHLOAD</subfield>
    </datafield>
  </record>